000 01985nam a2200409 c 4500
003 BLK
005 20250401161217.0
008 180408b bul|||||r ||||||| ||bul||
010 _aKNG00075767000
020 _a9789549935530
040 _aBLK
041 _aBUL
_cBUL
080 _aАнглийска литература
_b821.111
_x-31(082)
_z821.111-31(082)
080 _aАмериканска литература (на САЩ)
_b821.111(73)
_x-31(082)
_z821.111(73)-31(082)
100 1 _aДивър, Джефри Уилдс
_eпърви автор
_9366681
139 _aДивър, Джефри Уилдс и др.
_bД 53
245 1 0 _aСпящата кукла
_cДжефри Уилдс Дивър; прев. от англ. Тодор Кенов Кенов; * Дик Франсис; * Никълъс Спаркс; * Питър Мейл.
245 1 0 _aПрощално писмо
_cНикълъс Спаркс ; Прев. Весела Прошкова
245 1 0 _aПо чужда заповед
_cДик Франсис ; Прев. Емилия Л. Масларова
245 1 0 _aДобра година
_cПитър Мейл ; Прев. Емилия Л. Масларова
257 _aGBR
_aUSA
260 _bРийдърс Дайджест
_c2009
_fОтпеч. в Германия
300 _a608 с., 8 л.
_bцв. ил.
_c22 см
380 _aX
490 _aИзбрани книги
500 _aОриг. загл. The sleeping doll / Jeffery Deaver ; Dear John / Nicholas Sparks ; A good year / Peter Mayle ; Under orders / Michael Joseph. - Кор. опис.
659 _aН
700 _aКенов, Тодор Кенов
_9363938
700 1 _aФрансис, Дик
_e*
_9371310
700 1 _aСпаркс, Никълъс
_e*
_9366848
700 1 _aМейл, Питър
_e*
_9295399
852 _aЦб 253132
856 4 _qpdf
856 4 _qpdf
942 _cKNG
_n0
_03
944 _aCR
_c06.10.2011
_k30531
_lЦветелина Шанова
999 _c71398
_d71398